| 000 | 00514nmm a22001697a 4500 | ||
|---|---|---|---|
| 005 | 20161103145706.0 | ||
| 008 | 161101b xxu||||| |||| 00| 0 spa d | ||
| 041 | _aspa | ||
| 082 | _aTU 10 | ||
| 100 |
_aRodrÃguez Vargas, Marilyn _929907 |
||
| 245 | _aManual de procedimientos para ejecución de programas La Caravana Gira de la empresa tour operadora Ecole Travel | ||
| 260 | _c2014 | ||
| 650 |
_aCOSTA RICA _930286 |
||
| 650 |
_aMANUAL DE PROCEDIMIENTOS _99816 |
||
| 650 |
_aECOLE TRAVEL _929909 |
||
| 942 | _cIP | ||
| 999 |
_c8564 _d8564 |
||